| 000 | 00487nam a22001697a 4500 | ||
|---|---|---|---|
| 003 | NUST - PNEC | ||
| 005 | 20170116180832.0 | ||
| 008 | 150801b xxu||||| |||| 00| 0 eng d | ||
| 020 | _a0201156741 | ||
| 040 | _cLIBRARY | ||
| 082 | _a515.723 KEE | ||
| 100 |
_94738 _aKeener, James P. |
||
| 245 |
_a Principles of applied mathematics : transformation and approximation _cJames P, Keener |
||
| 260 | _cc 1988 | ||
| 650 |
_94739 _aTransformations (Mathematics) _xME |
||
| 942 |
_2ddc _cBK |
||
| 999 |
_c64084 _d64084 |
||